005 -DATA I CZAS OSTATNIEJ MODYFIKACJI [,]
|
|
20121204123737.0
|
040 -Instytucja sporządzająca opis [ , ]
|
|
|
|
|
|
041 -Język dokumentu [0, ]
|
|
polski
|
|
|
niemiecki
|
|
|
niemiecki
|
044 -Kraj miejsca wydania [ , ]
|
|
Polska
|
942 -Rodzaj dokumentu [ , ]
|
|
Książka
|
020 -Międzynarodowy znormalizowany numer książki - ISBN [ , ]
|
|
9788392137474
|
020 -Międzynarodowy znormalizowany numer książki - ISBN [ , ]
|
|
978839213744
|
245 -Strefa tytułu i oznaczenia odpowiedzialności [1,0]
|
|
Ogień - żywioł ujarzmiony i nieujarzmiony :
|
|
|
VI Polsko-Niemieckie Spotkania Archeologiczne, Garbicz, 5-6 czerwca 2008 /
|
|
|
pod red. Aliny Jaszewskiej, Arkadiusza Michalaka ; Stowarzyszenie Naukowe Archeologów Polskich. Oddział Lubuski.
|
260 -Strefa adresu wydawniczego [ , ]
|
|
Zielona Góra :
|
|
|
Stowarzyszenie Naukowe Archeologów Polskich. Oddział Lubuski,
|
700 -Hasło dodatkowe - nazwa osobowa [1, ]
|
|
Jaszewska, Alina
|
|
|
Red.
|
700 -Hasło dodatkowe - nazwa osobowa [1, ]
|
|
Michalak, Arkadiusz
|
|
|
Red.
|
920 -ISBN [ , ]
|
|
978-83-921374-7-4
|
|
|
978-83-9213-74-4
|
300 -Strefa opisu fizycznego [ , ]
|
|
474 s. :
|
|
|
il. (w tym kolor.) ;
|
490 -Strefa serii i książki wielotomowej - forma nie do wyszukiwania [1, ]
|
|
Biblioteka Archeologii Środkowego Nadodrza ;
|
111 -Hasło główne - nazwa imprezy [2, ]
|
|
Polsko-Niemieckie Spotkania Archeologiczne
|
|
|
2008 ;
|
|
|
Garbicz).
|
710 -Hasło dodatkowe - nazwa ciała zbiorowego [2, ]
|
|
Stowarzyszenie Naukowe Archeologów Polskich
|
|
|
Oddział Lubuski
|
080 -Uniwersalna Klasyfikacja Dziesiętna [ , ]
|
|
UDC-P058
|
|
|
903/904(430)
|
|
|
Relikty archeologiczne Niemiec.
|
080 -Uniwersalna Klasyfikacja Dziesiętna [ , ]
|
|
UDC-P058
|
|
|
903/904(438)
|
|
|
Relikty archeologiczne Polski.
|
500 -Uwaga ogólna [ , ]
|
|
Na okł. błędny ISBN.
|
504 -Uwaga dot. bibliografii załącznikowej [ , ]
|
|
Bibliogr. przy ref.
|
546 -Uwaga dot. języka [ , ]
|
|
Tekst częśc. niem. Streszcz. niem., pol.
|
650 -Hasło przedmiotowe [ ,4]
|
|
Ogień
|
|
|
antropologia społeczna
|
650 -Hasło przedmiotowe [ ,4]
|
|
Groby
|
|
|
archeologia
|
|
|
Polska
|
651 -Hasło przedmiotowe w formie nazwy geograficznej [ ,4]
|
|
Polska
|
|
|
archeologia
|
655 -Hasło w funkcji tematu formalnego [ ,4]
|
|
Materiały konferencyjne
|
Egzemplarze
|
Status udost.
|
Data inwentaryzacji
|
Sygnatura
|
Numer inwentarzowy
|
Kierowanie
|
| -3 | 2012-04-04 | K-III-53153 | K.53153 | M11 |